000
00304 a2200133 4500
000
nam a22 7a 4500
100
_a
Nagar
110
_a
Nagar
245
_a
Nanomaterials in Energy and Environment
250
_a
latest edition
260
_b
Oxford
_c
2023
264
_b
Oxford
_c
2023
942
_c
BK
999
_c
396393
_d
396393